Countries with no short borders - Statistics

General Stats
  • This quiz has been taken 97 times
  • The average score is 12 of 20
Answer Stats
# D Country % Correct
1 8893 Canada
95%
2 3141 United States
95%
5 579 Argentina
82%
10 597 Brazil
82%
2 3485 Mongolia
77%
2 614 Sweden
76%
3 614 Finland
71%
5 750 Bolivia
68%
3 743 Venezuela
60%
3 750 Paraguay
59%
2 590 Ecuador
57%
1 1214 Portugal
57%
3 1228 Vietnam
56%
2 579 Uruguay
50%
2 1236 Nepal
49%
1 820 Papua New Guinea
49%
3 600 Guyana
40%
1 909 Lesotho
26%
4 858 Kyrgyzstan
22%
1 740 Gambia
21%
No matching quizzes found
Score Distribution
Percent of People with Each Score
Percentile by Number Answered
Your Score History
You have not taken this quiz